| 000 | 00737nam a2200169 a 4500 | ||
|---|---|---|---|
| 001 | 29506 | ||
| 005 | 20180713232550.0 | ||
| 008 | 140415s1984 000 0 spa d | ||
| 041 | _aspa | ||
| 082 |
_a1.4 _bPAR |
||
| 100 | 1 | _aPARDINAS, FELIPE | |
| 245 | 1 | 0 | _aMETODOLOGIA Y TECNICAS DE INVESTIGACION EN CIENCIAS SOCIALES |
| 250 | _a32ª EDICIÓN | ||
| 260 |
_a[s.l.] : _bSIGLO VEINTIUNO, _c1984 |
||
| 300 |
_a239 _c14 x 2 x 21 |
||
| 520 | _aLA ASPIRACION DE ESTE LIBRO ES LLEGAR A SER LEIDO POR HOMBRES Y MUJERES SIN CURSOS UNIVERSITARIOS QUE ANHELEN ORDENAR MEJOR SU PENSAMIENTO, ESTUDIAR O LEER CON MAS ALTO RENDIMIENTO, FAMILIARIZARSE CON LOS PRINCIPIOS DEL TRABAJO CIENTIFICO, AFIRMA EL DR. PARDINAS EN SU PROLOGO. | ||
| 999 |
_c29506 _d29506 |
||